| 000 | 00748nam a2200265Ia 4500 | ||
|---|---|---|---|
| 003 | OSt | ||
| 005 | 20221006143912.0 | ||
| 006 | a|||||r|||| 00| 0 | ||
| 007 | ta | ||
| 008 | 221006b |||||||| |||| 00| 0 eng d | ||
| 020 |
_c _7.50 |
||
| 024 | _a10,354 | ||
| 037 | _cTextual | ||
| 040 |
_aEASL _cEASL _beng |
||
| 041 |
_2eng _aeng |
||
| 082 | _aW.41.N69, L0 | ||
| 100 |
_aDOUGLASS Bruce Ed. _9650606 |
||
| 245 | 0 |
_aChina and ourselves _b Explorations and revisions by a new generation |
|
| 260 |
_aBoston _bBeacon Press _c1970 |
||
| 300 |
_a259p. _ccm. |
||
| 490 | _v CEL | ||
| 700 |
_a TERRILL Ross Ed. _9650607 |
||
| 942 |
_hW.41.N69, L0 _cTEXL _2CC |
||
| 999 |
_c1078440 _d1078440 |
||